000 00297nam a2200121Ia 4500
008 231120s2019 xx 000 0 und d
041 _aeng
082 _a751.42
100 _aBARRINGTON BARBER
245 _aTHE ESSENTIAL GUIDE TO DRAWING
260 _aARCTURUS
_bARCTURUS
_c2019
300 _aP-127
999 _c933352
_d933352